| LEADER 01174nam 2200277 a 4500 |
| 001 12334108610 |
| 003 ULIB |
| 008 030417s2551 th a sb 001 0 tha |
| 020 ^a9789746723237
|
| 060 04 ^aQW575^bว382อ 2551
|
| 100 0 ^aวัชระ กสิณฤกษ์
|
| 245 10 ^aแอนติบอดี :^bทฤษฎีและการประยุกต์ใช้ = Antibody : theory and applications /^cวัชระ กสิณฤกษ์
|
| 246 31 ^aAntibody :^btheory and applications
|
| 250 ^aพิมพ์ครั้งที่ 1
|
| 260 ^aเชียงใหม่ :^bภาควิชาเทคนิคการแพทย์ คณะเทคนิคการแพทย์ มหาวิทยาลัยเชียงใหม่,^c2551
|
| 300 ^a249 หน้า :^bภาพประกอบ
|
| 650 7 ^aแอนติบอดีย์
|
| 650 2 ^aAntibodies
|
| 710 1 ^aมหาวิทยาลัยเชียงใหม่. ^bคณะเทคนิคการแพทย์. ^bภาควิชาเทคนิคการแพทย์
|
| 913 ^aImported by ULIBM Administrator
|
| 949 ^aImport form external file by ULIBM system
|
| 999 ^aสุณิสา
|